00859nam a2200229Ii 45000010005000000030009000050080041000140200017000550400033000720410008001050820015001131000043001282450063001712640101002343000012003353360026003473370028003733380027004019400050004289990017004789520134004953568CO-ViMGA241108s9999||||xx |||||||||||||| ||und|| a978958853027 aCO-ViMGAbspaerdacCO-ViMGA0 aspa04a070.4 M67p1 aMorelo Martínez, Ginna Piedad95072610aPistas para narrar la paz :bperiodismo en el posconflicto 1aBogotá, Colombia : Fundación Konrad Adenauer - KAS - Colombia y Consejo de Redacción, 2014 avolumen atextbtxt2rdacontent aunmediatedbn2rdamedia avolumebnc2rdacarrier aidficha_siabuc: 3482. -- ficha_no_siabuc:3568 c45412d45412 001040708001aMEVIGERRbMEVIGERRcGENd2006-11-27o070.4 M67ppECA2136r2024-11-26 09:28:47tEj.1w2024-11-26yBKz3482 | 5125